🦅Expression en nissart - Statistiques

Statistiques générales
  • Ce quiz a Ă©tĂ© pris 17 fois
  • Le rĂ©sultat moyen est 8 sur 16
Statistiques - réponses
Question Réponse % Correct
A la raïa ! À l’arrache / à l’improviste
94%
Il fait un cagnard ! Il fait très chaud
94%
Va te faire emboucaner ! Va te faire avoir / embobiner
88%
Lou ravi L'idiot du village
71%
Fai pas lou fanfaron. Ne fais pas le vantard
71%
Aquel es un babi ! C’est un bébé / un gamin
65%
M'en bati sieu Nissart ! Je suis Niçois, et je m’en fiche
65%
Panissa (dans "mange pas toute la panissa") Une galette de pois chiches
65%
Ai manjat de la socca ! J’ai mangé un plat niçois
53%
Ai vist lou babazouk. J’ai vu le vieux Nice / le souk
53%
Fai coma lou cagòu ! Fais comme l’escargot
41%
Lou pitchoun es sagou. Le petit est polisson / turbulent
24%
Un pichin draquet Un petit dragon
24%
Lou pèu faï tira ! On peut s’en débarrasser
18%
A nissa la bella, es pas una panissa ! Nice est belle, mais pas une farce
6%
Tire la calena ! Tire la bûche de Noël
6%
Aucun quiz correspondant
Distribution des résultats
% des personnes avec chaque résultat
Percentile par nombre de réponses
Votre historique - résultats
Vous n’avez pas pris ce quiz